| 000 | 00408nam a22001697a 4500 | ||
|---|---|---|---|
| 999 |
_c4178 _d4177 |
||
| 005 | 20210810160729.0 | ||
| 008 | 160627b xxu||||| |||| 00| 0 eng d | ||
| 020 | _a81-229-0181-6 | ||
| 041 | _aeng | ||
| 082 | _b070.43 | ||
| 100 |
_aGreenwald, Maridyn and Bernet, Joseph _92883 |
||
| 245 | _aTHE BIG CHILL | ||
| 260 |
_bSurjeet _c2005 |
||
| 300 | _a227 | ||
| 650 |
_aMass Communication _92660 |
||
| 942 | _cBK | ||